Sustraccin̤ internacional de menores Estudio jurisprudencial, prc̀tico y crt̕ico /

Bibliographic Details
Main Author: Lorente Martn̕ez, Isabel
Format: eBook
Language:Spanish
Published: Madrid: Dykinson, 2019
Subjects:
Online Access:Acceso restringido

MARC

LEADER 00000nam a22000007a 4500
005 20191114212944.0
007 cr|||| ||||
008 191114s2019 es |||||s|||| 00||0 spa d
020 |a 978-84-1324-404-4 
035 |a 30618 
040 |a vLex 
090 |c 10008  |d 10008 
100 1 |a Lorente Martn̕ez, Isabel 
245 1 0 |a Sustraccin̤ internacional de menores  |h [Recurso electrn̤ico] :  |b Estudio jurisprudencial, prc̀tico y crt̕ico /  |c Isabel Lorente Martn̕ez 
256 |a Servicio en ln̕ea 
260 |a Madrid:  |b Dykinson,  |c 2019 
300 |a 1 recurso electrn̤ico 
500 |a Los operadores jurd̕icos del S. XXI se enfrentan a incesantes retos que derivan de una realidad indiscutible: la internacionalizacin̤ de la sociedad. Hoy da̕ resulta relativamente fc̀il desplazarse a lo largo y ancho del globo terrq̀ueo. En la actualidad todo est ̀interconectado y el mundo se encuentra fuertemente globalizado. Resulta muy sencillo traspasar las fronteras y realizar desplazamientos internacionales, gracias, fundamentalmente, a la disminucin̤ o eliminacin̤ de barreras geogrf̀icas y el significativo crecimiento de los avances tčnicos y tecnolg̤icos de la revolucin̤ digital. Se observa, cada vez con ms̀ frecuencia, que existen familias con una vida altamente internacional. Matrimonios o parejas en las que sus miembros poseen distintas nacionalidades y con mucha frecuencia, distintas culturas. Fruto de esas relaciones nacen hijos que tambiň se desplazan con sus padres, viajan, viven en distintos lugares, en los l︢timos tiempos se ha observado un crecimiento exponencial de casos en los que se producen secuestros internacionales de menores, el operador jurd̕ico debe de estar formado y preparado para aportar soluciones jurd̕icas a estos casos internacionales y para de este modo, satisfacer el interš superior del menor en el caso concreto. Esta obra aglutina distintos supuestos de casos de sustraccin̤ internacional de menores, se realiza un estudio jurisprudencial de los mismos siempre desde una p̤tica internacional privatista de carc̀ter prc̀tico, en los que el interš superior del menor debe de ser protegido por encima de cualquier otro interš inmerso en estos casos. 
506 1 |a Disponible solo en los productos indicados  |d vLex Global  |d vLex Global (Academic Edition, excluding Law Schools)  |d vLex Global (U.S. Academic Edition, Law Schools)  |d vLex Global (U.S. Academic Edition, excluding Law Schools)  |d vLex Global (Academic Edition, Law Schools) 
650 0 4 |a Derecho Penal  |z Espaą 
650 0 4 |a Derecho Internacional  |z Espaą 
740 0 |a vLex Libros (Servicio en ln̕ea) 
856 4 0 |u http://vlex.com/source/sustraccion-internacional-de-menores-estudio-jurisprudencial-practico-y-critico-30618  |z Acceso restringido 
942 |c BOOK 
999 0 |a Criminal Law 
999 0 |a International Law